Riconosci il Pokémon - Quiz n°549 - Statistics

Statistiche generali
  • Questo quiz è stato fatto 1 volte
  • Il punteggio medio è 1 su 10
Statistiche sulle risposte
Indizio Risposta % Corretto
Generazione Settima
100%
Altezza 0,4 m
0%
Peso 4,3 kg
0%
Tasso di cattura 45 (11.9%)
0%
Sesso 87.5% ♂, 12.5% ♀
0%
Abilità Aiutofuoco; Fuocardore
0%
Stadio evoluzione Forma Base
0%
Tipo Fuoco
0%
Pokémon Litten
0%
Tasso di allevamento Medio-Lento
0%
Nessun quiz corrispondente trovato
Distribuzione punteggi
Percentuale di utenti per punteggio
Percentile per numero di risposta
I tuoi punteggi nel tempo
Non hai fatto questo quiz